| 000 | 00768nas a2200253 4500 | ||
|---|---|---|---|
| 001 | BR7900337 | ||
| 003 | BR-BrBNA | ||
| 005 | 20231205083613.0 | ||
| 007 | ta | ||
| 008 | 230509b bl.|||p| |||| 00| 00por d | ||
| 040 |
_aBR-BrBNA _bpor _cBiblioteca Nacional de Agricultura |
||
| 041 | _a(Pt) | ||
| 072 | _aL40 | ||
| 100 | 1 | _aJuly, J.R. | |
| 100 | 1 | _aKoseki, I. | |
| 100 | 1 | _aAbuhab, T.G. | |
| 245 | 1 | _aUltraestrutura de Micoplasma sp. revelada pelo acido fosfotungstico-acido cromico pH 0,4 [suino] | |
| 650 | _aMORFOLOGIA ANIMAL | ||
| 650 | _aSUÍNO | ||
| 650 | _aCELULA | ||
| 773 | 0 |
_tArquivos do Instituto Biologico (Brazil) _xISSN 0020-3653 _g(Jul 1978), v. 45(3) p. 169-176 _wBR7900337 |
|
| 909 |
_a202311 _bLúcia _c55 _dLúcia Elande |
||
| 942 |
_2AGRIS _n0 _cANA |
||
| 999 |
_c99981 _d99981 |
||